000 00286nam a22001337a 4500
008 170821b xxu||||| |||| 00| 0 eng d
020 _a9781118134900
041 _aeng
080 _23RD
_a51
100 _a37
101 _aMAT
245 _aCOLLEGE ALGEBRA
_cYOUNG,C
942 _2udc
_cBK
999 _c24190
_d24190